Поняття концепту свій/чужий у англійській літературі (Запис № 284879)

МАРК-запис
000 -LEADER
fixed length control field 01283nam a22001577a 4500
041 ## - LANGUAGE CODE
Language code of text/sound track or separate title ukr
080 ## - UNIVERSAL DECIMAL CLASSIFICATION NUMBER
Universal Decimal Classification number 09
090 ## - LOCALLY ASSIGNED LC-TYPE CALL NUMBER (OCLC); LOCAL CALL NUMBER (OCLC)
Local cutter number (OCLC) ; Book number/undivided call number, CALL (RLIN) СИМ
100 ## - MAIN ENTRY--PERSONAL NAME
Personal name Симончук В. В.
245 ## - TITLE STATEMENT
Title Поняття концепту свій/чужий у англійській літературі
260 ## - PUBLICATION, DISTRIBUTION, ETC. (IMPRINT)
Place of publication, distribution, etc Острог
Name of publisher, distributor, etc КАФ
Date of publication, distribution, etc 2012
300 ## - PHYSICAL DESCRIPTION
Extent 51
520 ## - SUMMARY, ETC.
Summary, etc РОЗДІЛ 1. ПОНЯТТЯ КОНЦЕПТУ СВІЙ/ЧУЖИЙ У ГНОСЕОЛОГІЧНОМУ ТА ОНТОЛОГІЧНОМУ ВИСВІТЛЕННІ.<br/>1.1. Свій/чужий у художній семантиці.<br/>1.2. Свій/чужий у гносеологічному та онтологічному висвітленні.<br/>РОЗДІЛ 2. КОНЦЕПТ СВІЙ/ЧУЖИЙ У ХУДОЖНІЙ ЛІТЕРАТУРІ АНГЛІЇ.<br/>2.1. Універсальність бінарної опозиції свій/чужий у художньому просторі чарівної казки.<br/>2.2. Свій/чужий у ситемі словесних і концептуальних образів романів Г.Гріна.<br/>РОЗДІЛ 3. СВІЙ/ЧУЖИЙ У СИСТЕМІ ПЕРСОНАЖНИХ ОБРАЗІВ РОМАНІВ Г.ГРІНА.
-- концепт
650 ## - SUBJECT ADDED ENTRY--TOPICAL TERM
Topical term or geographic name as entry element Research Papers
942 ## - ADDED ENTRY ELEMENTS (KOHA)
Koha item type Книги
Фонди
Withdrawn status Lost status Source of classification or shelving scheme Damaged status Not for loan Home library Current library Date acquired Source of acquisition Cost, normal purchase price Total Checkouts Full call number Barcode Date last seen Price effective from Koha item type
    Universal Decimal Classification     ВІЛ - Відділ іноземн. літератури НБ ВІЛ - Відділ іноземн. літератури НБ 17/09/2012 Акт №4 1.00   09 214899 09/11/2021 17/09/2012 Книги